UM Logo

Western civilization : (Record no. 10776)

MARC details
000 -LEADER
fixed length control field 00630nam a22001817a 4500
008 - FIXED-LENGTH DATA ELEMENTS--GENERAL INFORMATION
fixed length control field 180919b ||||| |||| 00| 0 eng d
020 ## - INTERNATIONAL STANDARD BOOK NUMBER
International Standard Book Number 978-1-305-63346-9
082 ## - DEWEY DECIMAL CLASSIFICATION NUMBER
Edition number 2017
Classification number DC 909
Item number Sp443
100 ## - MAIN ENTRY--PERSONAL NAME
Personal name Spielvogel, Jackson J.
9 (RLIN) 31391
245 ## - TITLE STATEMENT
Title Western civilization :
Remainder of title a brief history /
Statement of responsibility, etc. Jackson J. Spielvogel
250 ## - EDITION STATEMENT
Edition statement Ninth Edition
260 ## - PUBLICATION, DISTRIBUTION, ETC. (IMPRINT)
Place of publication, distribution, etc. Australia :
Name of publisher, distributor, etc. Cengage Learning ,
Date of publication, distribution, etc. ©2017.
300 ## - PHYSICAL DESCRIPTION
Extent xxxvi, 816 pages ;
Other physical details color illustrations :
Dimensions 25 cm.
500 ## - GENERAL NOTE
General note Includes glossary and index.
650 ## - SUBJECT ADDED ENTRY--TOPICAL TERM
Topical term or geographic name as entry element Civilization, Western -- History -- Textbooks
9 (RLIN) 31392
365 ## - TRADE PRICE
Price amount 13,500.00
Currency code Php.
942 ## - ADDED ENTRY ELEMENTS (KOHA)
Source of classification or shelving scheme Dewey Decimal Classification
Koha item type Circulation
Holdings
Withdrawn status Lost status Source of classification or shelving scheme Damaged status Not for loan Collection code Home library Current library Date acquired Source of acquisition Cost, normal purchase price Total Checkouts Full call number Barcode Date last seen Copy number Price effective from Koha item type
    Dewey Decimal Classification     Circulation UM Digos College - LIC UM Digos College - LIC 08/16/2018 Purchased 13500.00   DC 909 Sp443 2017 25197 05/15/2025 1 09/19/2018 Circulation